000 00314 a2200121 4500
001 ART_17570
005 20260410161750.0
008 260409a
245 1 0 _aGreat by choice
100 1 _aHansen, Morten T.
700 1 _aCollins, Jim
773 0 _tBook Summary
_g- NÂș 15 (ene. 2012)
_wREV4099
999 _c19612
_d19612